All Things Sri Lanka - Statistics

General Stats
  • This quiz has been taken 29 times
  • The average score is 5 of 13
Answer Stats
Hint Answer % Correct
Capital? Name One! Colombo, Sri Jayawardenepura Kotte
90%
Currency? Rupee
83%
Former Name? Ceylon
76%
What Ocean Is It Surrounded By? Indian Ocean
62%
When Was It Founded? 1948
38%
National Animal? Elephant
34%
Main Religion? Buddhist
31%
Top Export? Rubber
17%
National Food? Kottu roti
10%
Biggest River? Mahaweli Ganga
3%
Biggest Lake? Parakrama Samudra
3%
Ruler? Ranil Wickremesinghe
3%
National Sport? Vollyball
3%
No matching quizzes found
Score Distribution
Percent of People with Each Score
Percentile by Number Answered
Your Score History
You have not taken this quiz